Wavesbury. Slečna podporučík /
Historický román českého autora o dalších osudech hrdinného britského vojáka a jeho choti se odehrává v letech 1751 až 1757.
Uloženo v:
| Série: | Wavesbury,
část 2 |
|---|---|
| Hlavní autor: | |
| Médium: | E-kniha |
| Jazyk: | Czech |
| Vydáno: |
[Praha] :
Jonathan Livingston,
2019
|
| Témata: | |
| Příbuzné jednotky: | Z cyklu::
Wavesbury |
| Tagy: |
Žádné tagy |
| LEADER | 02511nam a2200409 i 4500 | ||
|---|---|---|---|
| 001 | 311156 | ||
| 003 | CZ PrSKC | ||
| 005 | 20260601215700.0 | ||
| 007 | ta | ||
| 008 | 191114s2019 xr g 000 f cze | ||
| 015 | |a cnb003159383 | ||
| 020 | |a 9788075511430 |q (vázáno) | ||
| 035 | |a (OCoLC)1135582640 | ||
| 040 | |a ABG001 |b cze |e rda | ||
| 072 | 7 | |a 821.162.3-3 |x Česká próza |2 Konspekt | |
| 080 | |a 821.162.3-31 |2 MRF | ||
| 080 | |a (0:82-311.6) |2 MRF | ||
| 100 | 1 | |a Návara, David, |d 1981- |7 xx0236022 |4 aut | |
| 245 | 1 | 0 | |a Wavesbury. |p Slečna podporučík / |c David Návara |
| 246 | 3 | 0 | |a Slečna podporučík |
| 264 | 1 | |a [Praha] : |b Jonathan Livingston, |c 2019 | |
| 300 | |a 436 stran ; |c 22 cm | ||
| 336 | |a text |b txt |2 rdacontent | ||
| 337 | |a bez média |b n |2 rdamedia | ||
| 338 | |a svazek |b nc |2 rdacarrier | ||
| 520 | 2 | |a Historický román českého autora o dalších osudech hrdinného britského vojáka a jeho choti se odehrává v letech 1751 až 1757. |b Příběh začíná ještě v Indii, kdy byl hrabě David Wavesbury vyslán do boje proti děsivé přesile. Už samotný úkol se zdál být dostatečně náročný a to David ještě netušil, jaké překvapivé informace se dozví o novém mladém podporučíkovi Ferrelovi, který mu byl nečekaně přidělen. Když se pak roku 1753 vrací domů z líbánek se svou chotí Elizabeth, jsou vystaveni dalším problémům. Zjišťují, že dávný známý jeho choti je ochoten pro vlastní prospěch udělat cokoli, i kdyby to mělo ohrozit oba manžele. Elizabeth bude možná muset zradit vlastní zásady a pro dobro celé rodiny podpořit politiku tzv. Řezníka z Vysočiny. O její život navíc stále usiluje neznámý nepřítel. Podaří se Davidovi konečně odhalit jeho totožnost? | |
| 546 | |a Český text | ||
| 655 | 7 | |a české romány |7 fd133974 |2 czenas | |
| 655 | 7 | |a historické romány |7 fd132414 |2 czenas | |
| 655 | 9 | |a Czech fiction |2 eczenas | |
| 655 | 9 | |a historical novels |2 eczenas | |
| 787 | 0 | 8 | |i Z cyklu: |t Wavesbury |g 2 |
| 900 | |a ABA001 |b 21 | ||
| 044 | |a xr | ||
| 910 | |a RBIT002 | ||
| 998 | |d 205415 |a https://core.palmknihy.cz/api/books/205415/cover?q7sq35 |b https://core.palmknihy.cz/api/books/205415/cover/400?q7sq35 |c https://core.palmknihy.cz/api/books/205415/cover/50?q7sq35 |e 2030-12-31 |g 440 |i 9788075511430 |j https://core.palmknihy.cz/api/books/205415/preview.epub |k https://core.palmknihy.cz/api/books/205415/preview.pdf |l |q 49 |r 1 |s https://www.palmknihy.cz/kniha/205415 |t ebook |y 2019 |z 0 |v Wavesbury |w 2 | ||
| 999 | |d 311154 | ||